000 00815cam a2200265 i 4500
001 bg
003 KOSZ 005
005 20220509111108.0
008 001010s2000 enk e |000 0 eng d
020 _a0198540396
040 _cBPK
080 _a55(03)
080 _a(03)
245 1 0 _aThe Oxford companion to the Earth /
_ceditors Paul L. Hancock and Brian J. Skinner.
246 3 0 _a Earth
260 _aNew York :
_bOxford Univ. Press,
_c2000.
300 _aX, 1174 s. :
_bfot., rys., wykr. ;
_c24 cm.
504 _aIndeks.
655 4 _aEncyklopedia
650 4 _aZiemia
700 1 _aHancock, Paul L.
_eRed.
700 1 _aSkinner, Brian J.
_eRed.
856 _uhttp://koha.tu.koszalin.pl/cgi-bin/koha/opac-detail.pl?biblionumber=40305
_yKatalog online BPK
942 _cKS
_2UKD
999 _c40305
_d40305